000 004630000a22001810004500
003 MACL
005 20151231125033.0
008 151231b xxu||||| |||| 00| 0 eng d
040 _aMACL
_cMACL
041 _aEnglish
082 _a364.1323/HAC
100 _aHalayya, M
_925045
245 _aEmergency a War on Corruption
260 _bS Chand & Company LTD
_c1975
_aNew Delhi
350 _a30
650 _asocial Problem
_925585
942 _cBK
_k364.132/HAL
_2ddc
999 _c36104
_d36104